000 00474nam a2200133 a 4500
008 120416s1973 ||||||||||||||||| || u
050 _aBF 311 Pos
100 _aPosner, Michael I
245 1 0 _aCognition: an introduction
260 _aBrighton
_bScott
_c1973
350 _a0.00
650 _aPHILOSOPHY
995 _D0.00
_FCBU-MAIN LIBRARY (Kitwe)
_H1
_I10.00
_M1
_UAVAILABLE
_WMay 15, 2006
_ZMain Library Open Access Collection
999 _c37653
_d37653